Bytový dom

Na minha lista:
Detalhes bibliográficos
Autor principal: Jankóová, Aneta (Author)
Outros Autores: Bielek, Boris (Thesis advisor)
Formato: Manuscrito Livro
Idioma:eslovaco
Publicado em: 2020
Assuntos:
Acesso em linha:http://is.stuba.sk/zp/portal_zp.pl?podrobnosti=128796
https://opac.crzp.sk/?fn=detailBiblioForm&sid=551040C4B46A551A426FFCC2BF23
Tags: Adicionar Tag
Sem tags, seja o primeiro a adicionar uma tag!

MARC

LEADER 00000ntm a22000003a 4500
001 stuzp78929
003 SK-STU
005 20230517142909.4
007 ta
008 150427s2015----xo-----f-mn---000-0-slo-d
040 |a STU  |b slo 
041 0 |a slo 
100 1 |a Jankóová, Aneta  |u 010180  |4 aut  |U SvF Stavebná fakulta  |T SvF Katedra konštrukcií pozemných stavieb  |X 82492  |U V180  |Y 18  |7 82492 
242 0 1 |a Apartment house  |y eng 
245 1 0 |a Bytový dom 
260 |c 2020 
650 4 |a polyfunkcia  |2 slo 
650 4 |a jednoplášťová plochá strecha  |2 slo 
650 4 |a Baumit  |2 slo 
650 4 |a bytový dom  |2 slo 
650 4 |a podzemná garáž  |2 slo 
650 4 |a apartment building  |2 eng 
650 4 |a multifunctional  |2 eng 
650 4 |a underground garage  |2 eng 
650 4 |a single-skin flat roof  |2 eng 
650 4 |a Baumit  |2 eng 
700 1 |a Bielek, Boris  |u 010180  |k Z1  |4 ths  |U SvF Stavebná fakulta  |T SvF Katedra konštrukcií pozemných stavieb  |X 4303  |U V180  |Y 18  |7 A000004303 
856 4 |u http://is.stuba.sk/zp/portal_zp.pl?podrobnosti=128796 
856 4 |u https://opac.crzp.sk/?fn=detailBiblioForm&sid=551040C4B46A551A426FFCC2BF23